[Event "BCF-chT3Sb 1617 (4NCL)"]
[Site "England"]
[Date "2016.11.27"]
[Round "2.64"]
[White "Taylor, Mark V"]
[Black "Moore, Geoffrey R"]
[Result "1/2-1/2"]
[WhiteElo "2018"]
[BlackElo "2080"]
[PlyCount "123"]
[EventDate "2016.11.26"]
[EventType "team-tourn"]
[EventRounds "11"]
[EventCountry "ENG"]
[SourceTitle "EXT 2019"]
[Source "ChessBase"]
[SourceDate "2018.10.10"]
[SourceVersion "1"]
[SourceVersionDate "2018.10.10"]
[SourceQuality "1"]
[WhiteTeam "Leeds University Old Boys"]
[BlackTeam "Anglian Avengers II"]
[WhiteTeamCountry "ENG"]
[BlackTeamCountry "ENG"]

1. d4 Nf6 2. c4 g6 3. Nc3 Bg7 4. e4 d6 5. Nf3 0-0 6. h3 e5 7. d5 a5 8. Be2 Na6 9. Bg5 Qe8 10. Nd2 Nd7 11. g4 Ndc5 12. Rg1 Kh8 13. Be3 f5 14. f3 c6 15. Nb3 fxe4 16. fxe4 Qd8 17. Nxc5 Nxc5 18. g5 cxd5 19. cxd5 Qb6 20. Qc2 a4 21. 0-0-0 Nb3+ 22. axb3 Qxe3+ 23. Kb1 axb3 24. Qxb3 Qxh3 25. Rh1 Qd7 26. Rh4 Rf7 27. Rdh1 Bf8 28. Bg4 Qc7 29. Be6 Rg7 30. Nb5 Qe7 31. Qh3 Bxe6 32. dxe6 h5 33. gxh6 Rh7 34. Qg4 Re8 35. Qxg6 Qxe6 36. Rg1 Qxg6 37. Rxg6 Rd8 38. Nc3 Rf7 39. Nd5 Be7 40. Rhg4 Rdf8 41. Rg1 Rf1+ 42. Rxf1 Rxf1+ 43. Ka2 Bh4 44. Rxd6 Rf7 45. Re6 Kh7 46. Rxe5 Kxh6 47. Re8 Kg7 48. Kb3 Rf2 49. Rb8 Rf7 50. Kc4 Bg3 51. Re8 Bf2 52. e5 Rf8 53. Rxf8 Kxf8 54. e6 Ke8 55. Kb5 Kd8 56. b3 Bg1 57. Kc4 Bf2 58. Kd3 Bc5 59. Ke4 Bf2 60. Kf5 Ke8 61. Ke4 Kd8 62. Kf5 1/2-1/2

[Event "Crawley e2e4 Gatwick Whitsun op"]
[Site "Crawley"]
[Date "2016.05.29"]
[Round "5"]
[White "Moore, Gerald C"]
[Black "Moore, Geoffrey R"]
[Result "0-1"]
[WhiteElo "2099"]
[BlackElo "1862"]
[PlyCount "60"]
[EventDate "2016.05.27"]
[EventType "swiss"]
[EventRounds "7"]
[EventCountry "ENG"]
[SourceTitle "CBM 172 Extra"]
[Source "ChessBase"]
[SourceDate "2016.06.21"]
[SourceVersion "1"]
[SourceVersionDate "2016.06.21"]
[SourceQuality "1"]

1. d4 Nf6 2. c4 g6 3. Nc3 Bg7 4. e4 0-0 5. Nf3 d6 6. Be2 e5 7. Be3 c6 8. d5 Na6 9. Nd2 c5 10. a3 Ne8 11. g4 Qh4 12. Nf1 f5 13. gxf5 gxf5 14. exf5 Bxf5 15. Ng3 Bg6 16. Qd2 Nac7 17. 0-0-0 a6 18. f3 b5 19. Nce4 bxc4 20. Bg5 Qh3 21. Bxc4 Nb5 22. Be3 Nd4 23. Ng5 Qh4 24. Ne6 Nf5 25. Ne4 Nxe3 26. Qxe3 Bh6 27. N6g5 Bxe4 28. fxe4 Bxg5 29. Rhg1 h6 30. Rxg5+ hxg5 0-1